The noble scholar, jurist, historian


 His Excellency Dr. Abdul Wahhab bin Ibrahim Abu Sulaiman, may Allah have mercy on him.


 He was born in Umm Al-Qura in the year 1356 AH.

الكواشف الجلية عن مصطلحات الحنفية / (Record no. 1955)

MARC details
000 -LEADER
fixed length control field 01176cam a2200277 i 4500
003 - CONTROL NUMBER IDENTIFIER
control field SA-RiAUC
005 - DATE AND TIME OF LATEST TRANSACTION
control field 20241102083324.0
008 - FIXED-LENGTH DATA ELEMENTS--GENERAL INFORMATION
fixed length control field 241030s2004 su f d 000r0 ara c
040 ## - CATALOGING SOURCE
Original cataloging agency SA-JeALM
Language of cataloging ara
Transcribing agency SA-RiAUC
Description conventions rda
082 04 - DEWEY DECIMAL CLASSIFICATION NUMBER
Classification number 258.1
Assigning agency SA-RiAUC
090 ## - LOCALLY ASSIGNED LC-TYPE CALL NUMBER (OCLC); LOCAL CALL NUMBER (RLIN)
Classification number (OCLC) (R) ; Classification number, CALL (RLIN) (NR) 258.1
Local cutter number (OCLC) ; Book number/undivided call number, CALL (RLIN) م ل ا
100 ## - MAIN ENTRY--PERSONAL NAME
Personal name الملا, عبد الإله بن محمد.
245 02 - TITLE STATEMENT
Title الكواشف الجلية عن مصطلحات الحنفية /
Statement of responsibility, etc. جمع وإعداد عبد الإله بن محمد الملا.
250 ## - EDITION STATEMENT
Edition statement الطبعة الأولى.
264 #1 - PRODUCTION, PUBLICATION, DISTRIBUTION, MANUFACTURE, AND COPYRIGHT NOTICE
Place of production, publication, distribution, manufacture [مكان النشر غير محدد] :
Name of producer, publisher, distributor, manufacturer [الناشر غير محدد]،
Date of production, publication, distribution, manufacture, or copyright notice 2004
264 #3 - PRODUCTION, PUBLICATION, DISTRIBUTION, MANUFACTURE, AND COPYRIGHT NOTICE
Place of production, publication, distribution, manufacture الأحساء، السعودية :
Name of producer, publisher, distributor, manufacturer مطبعة الأحساء الحديثة
300 ## - PHYSICAL DESCRIPTION
Extent 107 صفحة
Dimensions 22 × 15 سم
336 ## - CONTENT TYPE
Content type term نص
Content type code txt
Source rdacontent
Materials specified كتاب
337 ## - MEDIA TYPE
Media type term بدون وسيط
Media type code n
Source rdamedia
338 ## - CARRIER TYPE
Carrier type term مجلد
Carrier type code nc
Source rdacarrier
504 ## - BIBLIOGRAPHY, ETC. NOTE
Bibliography, etc. note ببليوجرافية : صفحة 99-106.
650 #7 - SUBJECT ADDED ENTRY--TOPICAL TERM
Topical term or geographic name entry element الفقه الحنفي
Form subdivision مصطلحات
Source of heading or term aucsh
700 1# - ADDED ENTRY--PERSONAL NAME
Personal name الملا، عبد الإله بن محمد،
Dates associated with a name 1391 هجري-
Relator term جامع.
942 ## - ADDED ENTRY ELEMENTS (KOHA)
Source of classification or shelving scheme Dewey Decimal Classification
Koha item type Books
Suppress in OPAC No
949 ## - LOCAL PROCESSING INFORMATION (OCLC)
a SA-JeALM
d 241030
u khaled123
n 1
Holdings
Withdrawn status Lost status Source of classification or shelving scheme Damaged status Not for loan Home library Current library Date acquired Total checkouts Full call number Barcode Date last seen Price effective from Koha item type
    Dewey Decimal Classification     DR AbdElwahab Library DR AbdElwahab Library 11/02/2024   258.1 م ل ا 000002957 11/02/2024 11/02/2024 Books
    Dewey Decimal Classification     DR AbdElwahab Library DR AbdElwahab Library 11/02/2024   258.1 م ل ا 000002958 11/02/2024 11/02/2024 Books
    Dewey Decimal Classification     DR AbdElwahab Library DR AbdElwahab Library 11/02/2024   258.1 م ل ا 000002959 11/02/2024 11/02/2024 Books